Az új anyakönyvi törvény az állami anyakönyvekről szóló 1894:XXXIII. t.-cz. és ezt módosító 1904: XXXVI. t.-czikk magyarázata, kiegészítve az új rendeletekkel /

Elmentve itt :
Bibliográfiai részletek
Szerző: Dolenecz József
Dokumentumtípus: Cikk
Megjelent: 1905
Sorozat:Kolligátum
Kulcsszavak:Anyakönyvezés - magyar - jogi szabályozás
Online Access:http://misc.bibl.u-szeged.hu/22927
LEADER 00704nab a2200169 i 4500
001 misc22927
005 20191111110559.0
008 170728s1905 hu o 0|| zxx d
040 |a SZTE Miscellanea Repozitórium  |b hun 
041 |a zxx 
100 1 |a Dolenecz József 
245 1 3 |a Az új anyakönyvi törvény   |h [elektronikus dokumentum] :  |b az állami anyakönyvekről szóló 1894:XXXIII. t.-cz. és ezt módosító 1904: XXXVI. t.-czikk magyarázata, kiegészítve az új rendeletekkel /  |c  Dolenecz József 
260 |c 1905 
300 |a 1-67 
490 0 |a Kolligátum 
695 |a Anyakönyvezés - magyar - jogi szabályozás 
856 4 0 |u http://misc.bibl.u-szeged.hu/22927/1/23044_001-067.pdf  |z Dokumentum-elérés